000 00629nam a2200241 i 4500
001 C2-0257947
003 PPAK
005 20180727224740.0
008 040827s2003 my |||| ||||| | may d
020 _a9831871294
040 _aPPAK
_beng
_cPPAK
_erda
082 0 4 _a899.233
_223
090 0 0 _a899.233
_bJES
_dG
100 0 _aJessy Mojuru,
_eauthor
245 1 0 _aAnastasia Pentylope
264 1 _aPulau Pinang :
_bRhythm Publishing ,
_c2003
300 _a366 pages ;
_c19 cm
336 _2rdacontent
_atext
337 _2rdamedia
_aunmediated
338 _2rdacarrier
_avolume
650 1 0 _aMalay fiction
942 _ddc
_cB
999 _c69651
_d69651